Statistics for Biggest World City That Starts With Each Pair of Letters

Click here to take the quiz!

General Stats

  • This quiz has been taken 50 times
    (20 since last reset)
  • The average score is 10 of 28

Answer Stats

LettersCity% Correct
JaJakarta
75%
PaParis
75%
XiXian
75%
ShShanghai
63%
GuGuangzhou
56%
ToTokyo
56%
AtAtlanta
50%
BaBangkok
50%
DuDubai
50%
PhPhiladelphia
44%
SeSeoul
44%
YoYokohama
44%
FrFrankfurt
38%
LuLuanda
38%
MiMiami
38%
PrPretoria
31%
SaSao Paulo
31%
KaKarachi
25%
OrOrlando
25%
TiTianjin
25%
DaDallas
19%
HaHangzhou
19%
ReRecife
19%
ChChengdu
13%
PePeshawar
13%
ZhZhengzhou
13%
QuQuanzhou
6%
ThThrissur
0%

Score Distribution

Percentile by Number Answered

Percent of People with Each Score

Your Score History

You have not taken this quiz since the last reset